Gaming Quiz

Random Gaming or Clip Quiz

Counter-Strike Weapons Quiz Stats

 Plays Quiz not verified by Sporcle

Challenge
Share
Tweet
Embed
Score 0/28 Timer 12:00
0 Plays Today
type of weapon weapons % Correct
primary - riflesavtomat kalashnikov model 47
89.5%
primary - riflesM4A1
86.4%
primary - riflesarctic warfare magnum
79.9%
secondarydesert eagle
75.6%
secondaryglock 18C
70%
secondaryuniversal self-loading pistol
68.3%
meleeknife
66%
equipmentsHE grenade
65.1%
primary - riflesscout
62.5%
equipmentssmoke grenade
61.2%
equipmentsflashbang
56.2%
primary - sub-machine gunsP90 personal defense weapon
56%
primary - riflesfamas
55.6%
primary - riflesIMI galil
52.6%
type of weapon weapons % Correct
primary - sub-machine gunsmp5-navy
52.1%
primary - sub-machine gunsuniversal machinenpistole
51%
primary - riflessteyr AUG A1
49.1%
secondaryfiveseven
48%
primary - sub-machine gunsmac-10
42.5%
primary - sub-machine gunssteyr tactical machine pistol
27.5%
primary - shotgunsXM1014
18.8%
primary - machine gunsM249 PARA light machine gun
15.6%
secondaryp228
15.1%
secondarydual 96G elite berettas
14.1%
primary - riflesSG-552 Commando
10.4%
primary - riflesG3/SG-1 precision sniper rifle
9.7%
primary - riflesSG-550 sniper rifle
9.3%
primary - shotgunsM3 super 90
4%

You're not logged in!

Compare scores with friends on all Sporcle quizzes.
OR
Log In

You Might Also Like...

Show Comments

Extras

Top Quizzes Today


Score Distribution

Your Account Isn't Verified!

In order to create a playlist on Sporcle, you need to verify the email address you used during registration. Go to your Sporcle Settings to finish the process.

Report this User

Report this user for behavior that violates our Community Guidelines.

Details: